| 000 | 02411aam a2200361 i 4500 | ||
|---|---|---|---|
| 001 | 2023056286 | ||
| 003 | DLC | ||
| 005 | 20250107122141.0 | ||
| 008 | 240112s2024 nyu 000 1 eng d | ||
| 010 | _a 2023056286 | ||
| 020 |
_a9780063353640 _q(hardcover) |
||
| 020 |
_a0063353644 _q(hardcover) |
||
| 035 | _a(OCoLC)1417406826 | ||
| 040 |
_aDLC _beng _erda _cDLC _dTnLvILS |
||
| 042 | _apcc | ||
| 092 |
_afiction _bMontague, Anna |
||
| 100 | 1 |
_aMontague, Anna, _eauthor. _96536824 |
|
| 245 | 1 | 0 |
_aHow does that make you feel, Magda Eklund? : _ba novel / _cAnna Montague. |
| 250 | _aFirst edition. | ||
| 264 | 1 |
_aNew York, NY : _bEcco, an imprint of HarperCollinsPublishers, _c[2024] |
|
| 300 |
_a244 pages ; _c24 cm. |
||
| 336 | _atext | ||
| 337 | _aunmediated | ||
| 338 | _avolume | ||
| 520 | _a"For fans of Less comes a wry, moving novel about love, loss, and new beginnings found on an unlikely road trip. Most days, Magda is fine. She has her anxious therapy patients, who depend on her to cure their bad habits, and her longtime colleagues Boomer and Theo, whose playful bickering she mediates. She successfully avoids all discussion of her upcoming 70th birthday and has even brokered a tentative truce with her late best friend Sara's widower, Fred. Magda has her routines. She has other people's lives to fix. She's fine. But when Fred gifts her Sara's journal, she discovers plans for the road trip they always meant to take scribbled inside. And when Fred foists Sara's urn on Magda for the summer, there seems no choice but to go, lugging Sara along for the ride. Magda just wants closure, but the trip has the potential to shake up her careful routines, and the longing she locked away years ago. Because sometimes getting away from it all makes us confront the things we refuse to face. A hilarious and touching meditation on loss, aging, and the boundless power of female friendship, HOW DOES THAT MAKE YOU FEEL, MAGDA EKLUND? shows how love endures past death, and how it's never too late to start your next journey"-- | ||
| 650 | 0 |
_aPsychiatrists _vFiction. _95679981 |
|
| 650 | 0 |
_aGrief _vFiction. _95681242 |
|
| 650 | 0 |
_aAutomobile travel _vFiction. _95690602 |
|
| 650 | 0 |
_aBirthdays _vFiction. _95678369 |
|
| 650 | 0 |
_aFamily secrets _vFiction. _95674538 |
|
| 650 | 0 |
_aFemale friendship _vFiction. _95674580 |
|
| 942 |
_2ddc _cBOOK |
||
| 999 |
_c403366 _d403366 |
||